[Event "Africa zt 4.2 (Women) op"]
[Site "Lagos"]
[Date "2025.04.03"]
[Round "4"]
[White "Suleiman Azumi, Ayisha"]
[Black "Adaramaja, Temitope"]
[Result "1-0"]
[WhiteElo "1975"]
[BlackElo "1841"]
[PlyCount "69"]
[EventDate "2025.04.01"]
[EventType "swiss"]
[EventRounds "9"]
[EventCountry "NGR"]
[SourceTitle "CB15_2025"]
[SourceDate "2025.04.09"]
[SourceVersion "1"]
[SourceVersionDate "2025.04.09"]
[SourceQuality "1"]

1. c4 e5 2. Nc3 Nf6 3. d3 d6 4. g3 Nc6 5. Bg2 Bd7 6. e4 Be7 7. Nge2 h6 8. h3 Nh7 9. Be3 f5 10. f4 Nf6 11. Qd2 Nh5 12. fxe5 fxe4 13. exd6 Bxd6 14. Nxe4 Bb4 15. N2c3 Nf6 16. 0-0-0 Qe7 17. a3 Nxe4 18. Bxe4 Bxc3 19. Qxc3 0-0-0 20. Kb1 a6 21. Rhe1 Qe5 22. Bxc6 Qxg3 23. Be4 Bxh3 24. Qb4 b6 25. Qa4 a5 26. Qc6 Qd6 27. Qb5 Rdf8 28. c5 Qe5 29. Qa6+ Kd8 30. cxb6 Bc8 31. b7 Bxb7 32. Qxb7 Ke7 33. Qc6 Rf6 34. Bc5+ Kd8 35. Qa8+ 1-0

[Event "Africa zt 4.2 (Women) op"]
[Site "Lagos"]
[Date "2025.04.02"]
[Round "2"]
[White "Adaramaja, Temitope"]
[Black "Kamara, Sarah"]
[Result "1-0"]
[WhiteElo "1841"]
[BlackElo "1421"]
[PlyCount "49"]
[EventDate "2025.04.01"]
[EventType "swiss"]
[EventRounds "9"]
[EventCountry "NGR"]
[SourceTitle "CB15_2025"]
[SourceDate "2025.04.09"]
[SourceVersion "1"]
[SourceVersionDate "2025.04.09"]
[SourceQuality "1"]

1. e4 e5 2. Nf3 Nc6 3. c3 Nf6 4. d4 exd4 5. e5 Ne4 6. Qe2 d5 7. exd6 Bf5 8. Nxd4 Nxd4 9. cxd4 Qxd6 10. f3 Qxd4 11. fxe4 Qxe4 12. Qxe4+ Bxe4 13. Nc3 Bf5 14. Be3 Bb4 15. Rc1 0-0 16. Bc4 Rfe8 17. Kf2 Rad8 18. Nb5 Re7 19. Bg5 Bc5+ 20. Kg3 Bd6+ 21. Nxd6 Rxd6 22. Bxe7 Rd4 23. Rcd1 c5 24. Rxd4 cxd4 25. Rd1 1-0